[Event "AUTO-ADV-3029"]
[Site "http://www.queenalice.com/game.php?id=1239900"]
[Date "2013.12.13"]
[Round "1"]
[White "markim04"]
[Black "MacumbaH"]
[Result "0-1"]
[WhiteElo "1556"]
[BlackElo "1979"]

1. d4 d5 2. c4 e6 3. Nf3 Nf6 4. Bg5 Be7 5. Nc3 Nc6 6. cxd5 Nxd5 7. Bxe7 Ndxe7 8.
e4 O-O 9. Be2 b6 10. O-O Bb7 11. Rc1 Ng6 12. d5 exd5 13. exd5 Nce7 14. Re1 Nxd5
15. Nxd5 Bxd5 16. Bc4 Bxc4 0-1

[Event "AUTO-ADV-3029"]
[Site "http://www.queenalice.com/game.php?id=1239901"]
[Date "2013.12.13"]
[Round "1"]
[White "MacumbaH"]
[Black "markim04"]
[Result "1-0"]
[WhiteElo "1981"]
[BlackElo "1554"]

1. e4 c5 2. Nf3 Nf6 3. e5 Nd5 4. c4 Nc7 5. g3 b6 6. Bg2 Bb7 7. O-O e6 8. d3 Be7
9. Nc3 O-O 10. b3 d6 11. Bb2 dxe5 12. Nxe5 Bxg2 13. Kxg2 Nd7 14. Nc6 Qe8 15. Qg4
Nf6 16. Nxe7+ Qxe7 17. Qg5 1-0

[Event "AUTO-ADV-3029"]
[Site "http://www.queenalice.com/game.php?id=1239912"]
[Date "2013.12.13"]
[Round "1"]
[White "josebaron"]
[Black "MacumbaH"]
[Result "1-0"]
[WhiteElo "1959"]
[BlackElo "1980"]

1. e4 c5 2. Bc4 d6 3. h3 Nc6 4. Nf3 a6 5. a4 Bd7 6. O-O e6 7. d4 cxd4 8. Nxd4
Nxd4 9. Qxd4 Rc8 10. Nd2 Nf6 11. Nf3 Bc6 12. Bg5 Be7 13. e5 dxe5 14. Qxd8+ Bxd8
15. Nxe5 Be4 16. Bd3 Bxd3 17. cxd3 Nd5 18. Bxd8 Rxd8 19. a5 Nb4 20. Rfd1 O-O 21.
Rac1 Rd5 22. Rc4 Rxe5 23. Rxb4 Rb8 24. Ra1 Rd5 25. d4 Rd7 26. g4 g6 27. f4 Rc8
28. Rd1 Rc2 29. b3 Kf8 30. Rc4 Ra2 31. b4 Ke7 32. g5 Kd6 33. Rc5 Rb2 34. d5 Rxb4
35. dxe6+ 1-0

[Event "AUTO-ADV-3029"]
[Site "http://www.queenalice.com/game.php?id=1239913"]
[Date "2013.12.13"]
[Round "1"]
[White "MacumbaH"]
[Black "josebaron"]
[Result "0-1"]
[WhiteElo "2022"]
[BlackElo "2006"]

1. e4 e5 2. Nc3 Nf6 3. Nf3 d6 4. Bc4 Be7 5. O-O O-O 6. d4 exd4 7. Nxd4 c5 8. Nf3
Bg4 9. Qd3 Nc6 10. Bg5 Bxf3 11. Bxf6 Bxf6 12. Qxf3 Nd4 13. Qd3 a6 14. a3 b5 15.
Bd5 Ra7 16. Ne2 Nxe2+ 17. Qxe2 Bxb2 18. Ra2 Bd4 19. c4 bxc4 20. Bxc4 Qc8 21. Rb1
Rb7 22. Rxb7 Qxb7 23. g3 a5 24. Kg2 Kh8 25. Rb2 Qxb2 0-1

[Event "AUTO-ADV-3029"]
[Site "http://www.queenalice.com/game.php?id=1239918"]
[Date "2013.12.13"]
[Round "1"]
[White "valdiluis"]
[Black "MacumbaH"]
[Result "1-0"]
[WhiteElo "1841"]
[BlackElo "1783"]

1. d4 d6 2. e4 Nf6 3. Nc3 g6 4. f4 Bg7 5. e5 dxe5 6. fxe5 Nd5 7. Bc4 Nxc3 8.
bxc3 O-O 9. Nf3 Kh8 10. O-O f5 11. Bf4 a6 12. Rb1 b5 13. Bd3 Be6 14. Ng5 Bxa2
15. Ra1 Qd5 16. Qf3 c6 17. Qh3 h6 18. e6 h5 19. Rae1 c5 20. Qg3 cxd4 21. Nf7+
1-0

[Event "AUTO-ADV-3029"]
[Site "http://www.queenalice.com/game.php?id=1239919"]
[Date "2013.12.13"]
[Round "1"]
[White "MacumbaH"]
[Black "valdiluis"]
[Result "0-1"]
[WhiteElo "1769"]
[BlackElo "1855"]

1. e4 b6 2. Nf3 Bb7 3. Nc3 e6 4. Bc4 d5 5. exd5 exd5 6. Bb3 Nf6 7. O-O Be7 8.
Re1 O-O 9. d4 c5 10. dxc5 bxc5 11. a3 c4 12. Ba2 Bc5 13. Be3 Na6 14. Bxc5 Nxc5
15. h3 Re8 16. Rxe8+ Qxe8 17. Qe2 Rd8 18. Qxe8+ Nxe8 19. Rd1 Rd7 20. b3 cxb3 21.
cxb3 Nf6 22. b4 Nce4 0-1

[Event "AUTO-OPEN-3143"]
[Site "http://www.queenalice.com/game.php?id=1240392"]
[Date "2013.12.16"]
[Round "1"]
[White "MacumbaH"]
[Black "PetrossianNeryvinsky"]
[Result "0-1"]
[WhiteElo "1931"]
[BlackElo "1408"]

1. e4 e5 2. Nf3 Nc6 3. Bb5 b6 4. Bxc6 dxc6 5. O-O Bc5 6. Nxe5 Qf6 7. Nf3 Be7 8.
d3 h6 9. Nc3 Bg4 10. Be3 Bxf3 11. Qxf3 Qxf3 12. gxf3 O-O-O 13. Kh1 h5 14. Rg1 g6
15. Ne2 Bf6 16. Rab1 c5 17. Rgd1 h4 18. d4 c4 19. e5 Be7 20. Nc3 h3 21. Ne4 Bh4
22. Bg5 Rd7 23. Bxh4 Rxh4 24. c3 Rd8 25. Rg1 a5 26. Rg3 Nh6 27. Ng5 Re8 28. Rxh3
Rxh3 29. Nxh3 Kd7 30. Nf4 Kc6 31. b3 g5 32. Nh5 Nf5 33. bxc4 Rh8 34. Nf6 Nh4 35.
Rd1 Kb7 36. Rd3 Kc6 37. Ne4 Rg8 38. d5+ Kb7 39. e6 fxe6 40. dxe6 Nf5 41. Rd7 Re8
42. Nf6 Rxe6 43. Nd5 Rc6 44. Rg7 Nxg7 0-1

[Event "AUTO-OPEN-3143"]
[Site "http://www.queenalice.com/game.php?id=1240393"]
[Date "2013.12.16"]
[Round "1"]
[White "PetrossianNeryvinsky"]
[Black "MacumbaH"]
[Result "1-0"]
[WhiteElo "1459"]
[BlackElo "1855"]

1. e4 e5 2. Nf3 Nc6 3. Bb5 d6 4. Bxc6+ bxc6 5. d4 exd4 6. Bg5 f6 7. Bf4 c5 8. c4
dxc3 9. Nxc3 Bb7 10. O-O h6 11. Re1 Qd7 12. Nd2 O-O-O 13. Re3 g5 14. Bg3 Bg7 15.
Qb3 a6 16. Nd5 Bxd5 17. exd5 Qb5 18. Nc4 f5 19. Qc2 f4 20. Rb3 Qd7 21. Rb6 Qf7
22. Rxa6 fxg3 23. Qa4 gxf2+ 24. Kf1 Qxd5 25. Ra8+ Qxa8 26. Qxa8+ Kd7 27. Qa4+
Ke6 28. Rd1 Bd4 29. Ne3 Ne7 30. Qb3+ d5 31. Nc2 Nf5 32. Nxd4+ cxd4 33. Kxf2 Rb8
34. Qc2 Rhf8 35. Qc6+ Nd6+ 36. Kg1 Rb7 37. Re1+ Kf7 38. Qxd5+ Kg7 39. Qxd4+ Kg8
40. Rf1 Rd8 41. Rf6 Nf7 42. Rg6+ Kf8 43. Qg7+ Ke7 44. Rxh6 Rd1+ 45. Kf2 Rd2+ 46.
Ke3 1-0

[Event "AUTO-OPEN-3143"]
[Site "http://www.queenalice.com/game.php?id=1240394"]
[Date "2013.12.16"]
[Round "1"]
[White "MacumbaH"]
[Black "Scharlatan"]
[Result "0-1"]
[WhiteElo "1877"]
[BlackElo "1968"]

1. e4 e5 2. Nf3 Nc6 3. Bb5 Nf6 4. O-O Nxe4 5. Bxc6 dxc6 6. Re1 Nf6 7. Nxe5 Be7
8. Qe2 Be6 9. d4 Qxd4 10. Rd1 Qe4 11. Qxe4 Nxe4 12. Bf4 Nd6 13. Nc3 Rd8 14. b3
Bf6 15. Na4 Bxe5 16. Bxe5 f6 17. Bg3 b6 18. Re1 Kf7 19. c4 c5 20. Re2 Rhe8 21.
Rd2 Re7 22. Rad1 Red7 23. Nc3 Ke7 24. f3 Ne8 25. Rxd7+ Rxd7 26. Rxd7+ Kxd7 27.
Kf2 Nd6 0-1

[Event "AUTO-OPEN-3143"]
[Site "http://www.queenalice.com/game.php?id=1240395"]
[Date "2013.12.16"]
[Round "1"]
[White "Scharlatan"]
[Black "MacumbaH"]
[Result "1-0"]
[WhiteElo "1955"]
[BlackElo "1890"]

1. d4 d5 2. c4 e6 3. Nc3 Nf6 4. cxd5 Nxd5 5. e4 Nxc3 6. bxc3 c5 7. Nf3 Nc6 8.
Be3 cxd4 9. cxd4 Bb4+ 10. Bd2 O-O 11. Be2 Bxd2+ 12. Qxd2 Qa5 13. Rb1 Qxd2+ 14.
Kxd2 Rd8 15. Kc3 b6 16. Bb5 Bb7 17. Rhd1 a6 18. Bd3 b5 19. Bc2 Rac8 20. Kb3 a5
21. a3 g6 22. Ka2 Nb4+ 23. axb4 Rxc2+ 24. Rb2 Rxb2+ 25. Kxb2 1-0

[Event "AUTO-ADV-3031"]
[Site "http://www.queenalice.com/game.php?id=1240510"]
[Date "2013.12.16"]
[Round "1"]
[White "NatanEstivallet"]
[Black "MacumbaH"]
[Result "1-0"]
[WhiteElo "2032"]
[BlackElo "1968"]

1. e4 c5 2. Nf3 d6 3. d4 cxd4 4. Qxd4 Nc6 5. Bb5 Bd7 6. Bxc6 bxc6 7. Nc3 c5 8.
Qd3 g6 9. Bg5 Bg7 10. O-O-O Rb8 11. Rhe1 Bg4 12. h3 Bxf3 13. gxf3 Qb6 14. b3 c4
15. Qxc4 Nf6 16. Rd2 O-O 17. f4 Rbc8 18. Qd3 Nd7 19. Nd5 Qa5 20. Nxe7+ Kh8 21.
Nxc8 Qxa2 22. Kd1 Rxc8 23. Qxd6 Nf8 24. Bf6 Qa5 25. Rd5 Qc7 26. Qxc7 Rxc7 27.
Bxg7+ Kxg7 28. Re3 Ne6 29. f5 Nf4 30. Ra5 Rd7+ 31. Kc1 Ng2 32. Rg3 1-0

[Event "AUTO-ADV-3031"]
[Site "http://www.queenalice.com/game.php?id=1240511"]
[Date "2013.12.16"]
[Round "1"]
[White "MacumbaH"]
[Black "NatanEstivallet"]
[Result "0-1"]
[WhiteElo "1983"]
[BlackElo "2017"]

1. f4 Nf6 2. Nf3 g6 3. e3 Bg7 4. Bc4 O-O 5. O-O d5 6. Bd3 c5 7. b3 Nc6 8. Bb2
Bg4 9. Qe1 Rc8 10. Bb5 a6 11. Bxc6 Rxc6 12. Qg3 Bf5 13. d3 Nh5 14. Qh4 Bf6 15.
Bxf6 Nxf6 16. Nbd2 b5 17. Kh1 c4 18. bxc4 bxc4 19. Ne5 Rc7 20. g4 Bc8 21. f5
cxd3 22. cxd3 Bb7 23. g5 Nh5 24. fxg6 hxg6 25. d4 Qd6 26. Qf2 e6 27. Ng4 Rc2 28.
Qe1 Rfc8 29. Nf6+ Kg7 30. Nxh5+ Kg8 31. Nf6+ Kf8 32. Rf2 e5 33. Qf1 R8c7 0-1

[Event "AUTO-ADV-3031"]
[Site "http://www.queenalice.com/game.php?id=1240526"]
[Date "2013.12.16"]
[Round "1"]
[White "MacumbaH"]
[Black "ACamargo"]
[Result "1-0"]
[WhiteElo "1942"]
[BlackElo "1948"]

1. e4 e5 2. Nf3 d6 3. Bc4 h6 4. O-O Nf6 5. d3 Be7 6. Nbd2 O-O 7. b3 a6 8. Bb2
Bg4 9. d4 exd4 10. Bxd4 Bxf3 11. Qxf3 Nc6 12. Be3 Ne5 13. Qg3 Ng6 14. f4 Kh7 15.
Bd4 Nh5 16. Qg4 Nhxf4 17. Rxf4 Bf6 18. Bxf6 gxf6 19. Rf2 Qe7 20. Raf1 Ne5 21.
Qf5+ Kg7 22. Qxf6+ Qxf6 23. Rxf6 Nxc4 24. Nxc4 a5 25. Ne3 Rae8 26. R6f4 c6 27.
Nf5+ Kh7 28. Nxd6 Re7 29. Rxf7+ Rexf7 30. Rxf7+ Rxf7 31. Nxf7 Kg7 32. Nd6 b6 33.
e5 Kf8 34. Kf2 h5 35. Kf3 Ke7 36. Kf4 Ke6 37. Nc4 b5 38. Nxa5 1-0

[Event "AUTO-ADV-3031"]
[Site "http://www.queenalice.com/game.php?id=1240527"]
[Date "2013.12.16"]
[Round "1"]
[White "ACamargo"]
[Black "MacumbaH"]
[Result "1-0"]
[WhiteElo "2017"]
[BlackElo "1901"]

1. d4 d5 2. c4 e6 3. Nc3 Nf6 4. e3 Be7 5. Nf3 O-O 6. c5 a5 7. Bd3 b6 8. cxb6
cxb6 9. Bb5 Bd7 10. Ne5 Bxb5 11. Nxb5 Bb4+ 12. Bd2 Bxd2+ 13. Qxd2 Nbd7 14. Nc6
Ne4 15. Qe2 Qf6 16. O-O e5 17. Rac1 exd4 18. Nbxd4 Rac8 19. Rfd1 Ndc5 20. Na7
Rcd8 21. Nab5 Rc8 22. Nf3 Rfd8 23. Nbd4 h6 24. Rc2 Ne6 25. Nxe6 fxe6 26. Rxc8
Rxc8 27. Qb5 Qd8 28. Nd4 Qd6 29. f3 Nf6 30. Ne2 Qc5 31. Qb3 Qc2 32. Nd4 Qxb3 33.
Nxb3 Rc2 34. Rd2 Rxd2 35. Nxd2 Nd7 36. Kf2 Nc5 37. e4 dxe4 38. fxe4 Nd3+ 39. Ke3
Nxb2 40. Kd4 Nd1 41. Nc4 b5 42. Nxa5 b4 43. Nc6 Nc3 44. Nxb4 1-0

[Event "AUTO-ADV-3031"]
[Site "http://www.queenalice.com/game.php?id=1240528"]
[Date "2013.12.16"]
[Round "1"]
[White "MacumbaH"]
[Black "philler"]
[Result "0-1"]
[WhiteElo "1993"]
[BlackElo "2070"]

1. e4 c5 2. Nf3 d6 3. d4 cxd4 4. Nxd4 Nf6 5. Nc3 a6 6. Bg5 e6 7. Qf3 Be7 8.
O-O-O Qc7 9. a3 b5 10. Na2 Bb7 11. Qc3 Qxc3 12. Nxc3 Nxe4 13. Nxe4 Bxe4 14. Bxe7
Kxe7 15. f3 Bg6 16. Bd3 Bxd3 17. Rxd3 g6 18. Rhd1 e5 19. Nb3 Rd8 20. Nc5 Nc6 21.
Nb7 Rd7 22. Nxd6 Rad8 23. Ne4 Rxd3 24. Rxd3 Rxd3 25. cxd3 Nd4 26. Kd2 a5 27. Kc3
f5 28. Nd2 Kd6 29. Nb3 Nxb3 30. Kxb3 Kc5 31. Kc3 g5 32. b3 b4+ 33. axb4+ axb4+
34. Kc2 h6 35. g3 Kd4 36. Kd2 h5 37. h3 f4 38. gxf4 exf4 0-1

[Event "AUTO-ADV-3031"]
[Site "http://www.queenalice.com/game.php?id=1240529"]
[Date "2013.12.16"]
[Round "1"]
[White "philler"]
[Black "MacumbaH"]
[Result "0-1"]
[WhiteElo "2086"]
[BlackElo "2003"]

1. e4 e5 2. Nf3 Nc6 3. Bb5 a6 4. Ba4 b5 5. Bb3 Bb7 6. c3 Nf6 7. Bc2 d5 8. exd5
Qxd5 9. O-O Bd6 10. d4 O-O 11. Bb3 Qe4 12. Re1 Qf5 13. dxe5 Nxe5 14. Nxe5 Bxe5
15. Bc2 Ne4 16. f3 Qh5 17. Bxe4 Qxh2+ 18. Kf2 Bg3+ 19. Ke2 Qxg2+ 0-1

[Event "Challenge"]
[Site "http://www.queenalice.com/game.php?id=1245910"]
[Date "2014.1.6"]
[Round "-"]
[White "novoselic"]
[Black "MacumbaH"]
[Result "1-0"]
[WhiteElo "2107"]
[BlackElo "2005"]

1. e4 e5 2. Nf3 Nc6 3. Bb5 a6 4. Bxc6 bxc6 5. O-O d6 6. d4 exd4 7. Nxd4 Bb7 8.
Nc3 g6 9. Be3 Bg7 10. Qd2 Ne7 11. f4 O-O 12. f5 Nc8 13. Bh6 c5 14. Bxg7 Kxg7 15.
f6+ Kg8 16. Qh6 1-0

[Event "Challenge"]
[Site "http://www.queenalice.com/game.php?id=1245911"]
[Date "2014.1.6"]
[Round "-"]
[White "MacumbaH"]
[Black "novoselic"]
[Result "0-1"]
[WhiteElo "1955"]
[BlackElo "2040"]

1. e4 e6 2. d4 d5 3. exd5 exd5 4. Nc3 Nf6 5. Nf3 Bd6 6. Qe2+ Be6 7. Bg5 Nbd7 8.
O-O-O O-O 9. h4 c6 10. h5 h6 11. Bh4 Qa5 12. Qd3 Bf4+ 13. Kb1 b5 14. Ne2 Bd6 15.
Bg3 Ne4 16. Qe3 Nb6 17. Bxd6 Nxd6 18. Ne5 Nbc4 19. Nxc4 dxc4 20. Nc3 b4 21. Ne4
Nxe4 22. Qxe4 c3 23. Bd3 Qxa2+ 0-1